Normal view MARC view
  • Debt cancellation

Entry Topical Term

Number of records used in: 1

001 - CONTROL NUMBER

  • control field: 117975

003 - CONTROL NUMBER IDENTIFIER

  • control field: TR-AnTOB

005 - DATE AND TIME OF LATEST TRANSACTION

  • control field: 20200312144444.0

008 - FIXED-LENGTH DATA ELEMENTS

  • fixed length control field: 940205i| azannbabn |a ana

010 ## - LIBRARY OF CONGRESS CONTROL NUMBER

  • LC control number: sh 94000988

024 ## - OTHER STANDARD IDENTIFIER

  • Source of number or code: uri
  • Standard number or code: http://koha.etu.edu.tr/cgi-bin/koha/opac-authoritiesdetail.pl?authid=117975

035 ## - SYSTEM CONTROL NUMBER

  • System control number: (TR-AnTOB)117975

040 ## - CATALOGING SOURCE

  • Original cataloging agency: DLC
  • Transcribing agency: DLC
  • Modifying agency: DLC
  • Modifying agency: MoSU-L
  • Modifying agency: TR-AnTOB

150 ## - HEADING--TOPICAL TERM

  • Topical term or geographic name entry element: Debt cancellation

450 ## - SEE FROM TRACING--TOPICAL TERM

  • Topical term or geographic name entry element: Borç iptali

450 ## - SEE FROM TRACING--TOPICAL TERM

  • Topical term or geographic name entry element: Cancellation of debt

450 ## - SEE FROM TRACING--TOPICAL TERM

  • Topical term or geographic name entry element: Cancellation of indebtedness

450 ## - SEE FROM TRACING--TOPICAL TERM

  • Topical term or geographic name entry element: Borçluluk iptali

450 ## - SEE FROM TRACING--TOPICAL TERM

  • Topical term or geographic name entry element: Debt cancellation
  • General subdivision: Law and legislation

550 ## - SEE ALSO FROM TRACING--TOPICAL TERM

  • Control subfield: g
  • Topical term or geographic name entry element: Debtor and creditor

550 ## - SEE ALSO FROM TRACING--TOPICAL TERM

  • Control subfield: g
  • Topical term or geographic name entry element: Borçlu ve alacaklı

670 ## - SOURCE DATA FOUND

  • Source citation: UMI business vocab.

688 ## - APPLICATION HISTORY NOTE

  • Institution to which field applies: TR-AnTOB
  • Application history note: Op 12.03.2020

750 ## - ESTABLISHED HEADING LINKING ENTRY--TOPICAL TERM

  • Authority record control number or standard number: https://lccn.loc.gov/sh94000988
  • Source of heading or term: lcsh
Devinim Yazılım Eğitim Danışmanlık tarafından Koha'nın orjinal sürümü uyarlanarak geliştirilip kurulmuştur.